| 000 | 00508pam a2200169 a 4500 | ||
|---|---|---|---|
| 020 |
_a978-81315-0691-2 _cP.B. |
||
| 041 | _aeng | ||
| 082 |
_a629.895 _bHUA |
||
| 100 | _aHUANG H. W. | ||
| 245 |
_aPIC MICROCONTROLLER AN INTRODUCTION TO SOFTWARE AND HARDWARE INTERFACING _hTextual Documents |
||
| 250 | _a01-01-2008 | ||
| 260 | _bCENGAGE LEARNING INDIA (PVT.) LTD., NEW DELHI | ||
| 300 |
_aXXVI/790 _c25*20 |
||
| 500 | _a14001 | ||
| 653 | _aMICROPROCESSOR MICROCONTROLLER and APPL. (T.E.) | ||
| 930 | _a13527 | ||
| 999 |
_c56749 _d56749 |
||